षड्यंत्ररत मृतात्माओं के बीचः (Record no. 15180)
[ view plain ]
| 000 -LEADER | |
|---|---|
| fixed length control field | 01305nam a22002537a 4500 |
| 005 - DATE AND TIME OF LATEST TRANSACTION | |
| control field | 2008082806006.0 |
| 008 - FIXED-LENGTH DATA ELEMENTS--GENERAL INFORMATION | |
| fixed length control field | 080828t xxu||||| |||| 00| e hin d |
| 010 ## - LIBRARY OF CONGRESS CONTROL NUMBER | |
| LC control number | HIN-84108 |
| 020 ## - INTERNATIONAL STANDARD BOOK NUMBER | |
| International Standard Book Number | 8187425547 |
| Terms of availability | 25.00 |
| 035 ## - SYSTEM CONTROL NUMBER | |
| System control number | HN-56454 |
| 037 ## - SOURCE OF ACQUISITION | |
| Stock number | DBAD / PUB |
| 040 ## - CATALOGING SOURCE | |
| Original cataloging agency | DPL |
| Language of cataloging | HN |
| 082 ## - DEWEY DECIMAL CLASSIFICATION NUMBER | |
| Classification number | 824 |
| 100 ## - MAIN ENTRY--PERSONAL NAME | |
| Personal name | कात्यायनी |
| 245 ## - TITLE STATEMENT | |
| Title | षड्यंत्ररत मृतात्माओं के बीचः |
| Remainder of title | (हमारे समय के जलते सुलगते सवाल और कुछ बुनियादी चिन्ताएँ) / |
| Statement of responsibility, etc | कात्यायनी |
| 246 ## - VARYING FORM OF TITLE | |
| Title proper/short title | Shadyantrarat mritaatmaaon ke biich |
| Remainder of title | by Katyayani |
| 260 ## - PUBLICATION, DISTRIBUTION, ETC. (IMPRINT) | |
| Place of publication, distribution, etc | लखनऊ |
| Name of publisher, distributor, etc | परिकल्पना |
| Date of publication, distribution, etc | 2004 |
| 270 ## - ADDRESS | |
| Address | जनचेतना, डी-68, निरालानगर |
| City | लखनऊ |
| Postal code | 226020 |
| 300 ## - PHYSICAL DESCRIPTION | |
| Extent | 70पृ |
| Dimensions | 22सेमी( अजिल्द) |
| 650 ## - SUBJECT ADDED ENTRY--TOPICAL TERM | |
| Topical term or geographic name as entry element | हिन्दी निबंध |
| General subdivision | इतिहास एवं समालोचना |
| 650 ## - SUBJECT ADDED ENTRY--TOPICAL TERM | |
| Topical term or geographic name as entry element | Hindi essays |
| General subdivision | History and criticism |
| 942 ## - ADDED ENTRY ELEMENTS (KOHA) | |
| Source of classification or shelving scheme | Dewey Decimal Classification |
| Koha item type | Hindi Books |
| Call number suffix | कात्याय |
| Classification part | 824 |
| Withdrawn status | Lost status | Damaged status | Not for loan | Collection code | Home library | Current library | Date acquired | Source of acquisition | Cost, normal purchase price | Total Checkouts | Full call number | Barcode | Date last seen | Copy number | Cost, replacement price | Price effective from | Koha item type |
|---|---|---|---|---|---|---|---|---|---|---|---|---|---|---|---|---|---|
| Not For Loan | Non-fiction | D.B.Act.Division | D.B.Act.Division | 28/08/2008 | DBAD / PUB | 25.00 | 824 कात्याय | HN-56454 | 15/09/2008 | 1 | 25.00 | 15/09/2008 | Hindi Books |
